00806nam a22002177a 45000010005000000030006000050050017000110080041000280200018000690400029000870500015001160820010001311000019001412450037001602600038001973000048002355050007002835200262002905210018005525210018005707992FISKH20250827140836.0250818b cb ||||| |||| 00| 0 eng d a9780516252612 aFISKHbengcFISKHdFISKH aQA115.L466 a513.2 aLeslie, Tonya  aDivide it up! /cby Tonya Leslie aNew York : bScholastic, c2006.  a31 pages : bcolor illustrations ; c19 cm aJ  aThe popular Rookie Books expand their horizons - to all corners of the globe! With this series all about geography, emergent readers will take off on adventures to cities, nations, waterways, and habitats around the world...and right in their own backyards.8 a430 bLexile 8 aJ bRaz-Plus